101 things I learned in business school / (Record no. 983)

MARC details
000 -LEADER
fixed length control field 00802cam a2200289 a 4500
005 - DATE AND TIME OF LATEST TRANSACTION
control field 20260322212042.0
008 - FIXED-LENGTH DATA ELEMENTS--GENERAL INFORMATION
fixed length control field data
010 ## - LIBRARY OF CONGRESS CONTROL NUMBER
LC control number 2009037648
020 ## - INTERNATIONAL STANDARD BOOK NUMBER
International Standard Book Number 9780446550284
020 ## - INTERNATIONAL STANDARD BOOK NUMBER
International Standard Book Number 0446550280
040 ## - CATALOGING SOURCE
Original cataloging agency DLC
Transcribing agency DLC
Modifying agency DLC
050 00 - LIBRARY OF CONGRESS CALL NUMBER
Classification number HD31
Item number .P669 2010
082 00 - DEWEY DECIMAL CLASSIFICATION NUMBER
Classification number 658
Edition information 22
092 ## - LOCALLY ASSIGNED DEWEY CALL NUMBER (OCLC)
Classification number 658 P669 2010
001 - CONTROL NUMBER
control field data
100 1# - MAIN ENTRY--PERSONAL NAME
Personal name Preis, Michael W.
245 10 - TITLE STATEMENT
Title 101 things I learned in business school /
Statement of responsibility, etc. Michael W. Preis & Matthew Frederick.
246 3# - VARYING FORM OF TITLE
Title proper/short title One hundred one things I learned in business school
250 ## - EDITION STATEMENT
Edition statement 1st ed.
260 ## - PUBLICATION, DISTRIBUTION, ETC.
Place of publication, distribution, etc. New York :
Name of publisher, distributor, etc. Grand Central Pub.,
Date of publication, distribution, etc. 2010.
300 ## - PHYSICAL DESCRIPTION
Extent 101 p. :
Other physical details ill. ;
Dimensions 14 x 19 cm.
650 #0 - SUBJECT ADDED ENTRY--TOPICAL TERM
Topical term or geographic name entry element Management.
650 #0 - SUBJECT ADDED ENTRY--TOPICAL TERM
Topical term or geographic name entry element Finance.
650 #0 - SUBJECT ADDED ENTRY--TOPICAL TERM
Topical term or geographic name entry element Commerce.
650 #0 - SUBJECT ADDED ENTRY--TOPICAL TERM
Topical term or geographic name entry element Business
General subdivision Study and teaching.
700 1# - ADDED ENTRY--PERSONAL NAME
Personal name Frederick, Matthew.
Holdings
Withdrawn status Lost status Damaged status Not for loan Home library Current library Shelving location Date acquired Total checkouts Full call number Barcode Date last seen Price effective from Koha item type
        Springfield Springfield General stacks 22/03/2026   658 22 BC0011016 22/03/2026 22/03/2026 Books